[La Divisió territorial de Catalunya a debat] : Taula rodona d'experts (I) / Taula rodona d'experts (I) /
Descripción Física:
5 pags. ; il. b/n ; 28 cm.
Colección:
Arrel : revista editada per la Diputació de Barcelona
; Núm. 10 (juliol, 1985) ; pàgs. 6-10
MARC
| LEADER | 00000nab a2200000 a 4500 | ||
|---|---|---|---|
| 001 | 8161 | ||
| 003 | Arxiu | ||
| 005 | 20260324175604.0 | ||
| 008 | 160829s9999 xx 000 0 cat d | ||
| 245 | |a [La Divisió territorial de Catalunya a debat] : |b Taula rodona d'experts (I) / |c Casassas, Lluis ... [et al.] | ||
| 260 | |a Barcelona : |b Diputació de Barcelona ; |c 1985 | ||
| 300 | |a 5 pags. ; |b il. b/n ; |c 28 cm. | ||
| 490 | |a Arrel : revista editada per la Diputació de Barcelona ; |v Núm. 10 (juliol, 1985) ; pàgs. 6-10 |x 0211-562X | ||
| 650 | 0 | |a Ordenació del territori |z Catalunya |9 39338 | |
| 651 | 0 | |a Catalunya |x Divisions administratives i polítiques |9 54246 | |
| 700 | 1 | |a Casassas i Simó, Lluís, |d 1922-1992 |9 44253 | |
| 700 | |a Carreras, Carles |9 34268 | ||
| 700 | |a Mir, Josep I |9 34269 | ||
| 700 | |a Ribes, Manuel |9 34270 | ||
| 856 | 4 | |u https://media.diba.cat/diba/fitxers/arxiu/hemeroteca/arrel/8161/bib_8161_1984_1986_n02_a01_baixa.pdf |y bib_8161_1984_1986_baixa.pdf | |
| 856 | 4 | ||
| 901 | |a Arxiu | ||
| 942 | |n 1 |2 udc |c Articles de revista | ||
| 952 | |0 0 |1 0 |2 udc |4 0 |6 REV94 |7 1 |9 46446 |a Arxiu |b Arxiu |d 2016-12-01 |o Rev-94 |r 2016-12-01 00:00:00 |w 2016-12-01 |y ARXIU | ||
| 999 | |c 50231 |d 50231 | ||
| 900 | |a bib_8161_1984_1986_n02_a01_baixa.pdf | ||